ბათუმის შოთა რუსთაველის სახელმწიფო უნივერსიტეტის ბიბლიოთეკა

ძველი ქართული ფილოსოფიურ–თეოლოგიური ტერმინოლოგიის ისტორიიდან / (ბიბ.ჩანაწერი № 55197)

000 -ლიდერი
ფიქსირებული სიგრძის საკონტროლო ველი 01564nam a2200289Ia 4500
001 - საკონტროლო ნომერი
საკონტროლო ველი 22272
003 - საკონტროლო ნომრის იდენტიფიკატორი
საკონტროლო ველი GE_BSU
005 - ბოლო ოპერაციის თარიღი და დრო
საკონტროლო ველი 20230222171346.0
008 - ფიქსირებული სიგრძის მონაცემთა ელემენტები - ზოგადი ინფორმაცია
ფიქსირებული სიგრძის საკონტროლო ველი 181216s ||||ge |||||||||||||| ||geo||
020 ## - წიგნის საერთაშორისო სტანდარტული ნომერი
International Standard Book Number 978-9941-13-189-9
040 ## - კატალოგიზაციის წყარო
Transcribing agency GE_BSU
041 ## - ენის კოდი
Language code of text/sound track or separate title geo
080 ## - უნივერსალური ათობითი კლასიფიკაციის ინდექსი
Universal Decimal Classification number 811.353.1'01'373.46+001.4 მ-54
100 ## - მთავარი ჩანაწერი - პიროვნების სახელი
Personal name მელიქიშვილი, დამანა
9 (RLIN) 8281
245 ## - ცნობა სათაურის შესახებ
Title ძველი ქართული ფილოსოფიურ–თეოლოგიური ტერმინოლოგიის ისტორიიდან /
Statement of responsibility, etc დამანა მელიქიშვილი ; რედაქტორი მაია რაფავა.
264 ## - წარმოების, გამოცემის, დისტრიბუციის და სხვა ცნობები
გამოცემის, წარმოების, დისტრიბუციის... ადგილი თბილისი :
გამოცემის, წარმოების, დისტრიბუციის... სახელწოდება თბილ. უნ-ტის გამ-ბა,
გამოცემის, წარმოების, დისტრიბუციის... თარიღი 2011.
300 ## - ფიზიკური აღწერა
Extent 453 გვ. ;
Dimensions 20 სმ.
500 ## - ზოგადი შენიშვნა
General note პარალელური სათაური ინგლისურ ენაზე
520 ## - SUMMARY, ETC.
Summary, etc პარალ. სათ. ინგლ.ენ.
653 ## - INDEX TERM--UNCONTROLLED
Uncontrolled term ქართული ენა .
653 ## - INDEX TERM--UNCONTROLLED
Uncontrolled term ძველი ქართული ენა
653 ## - INDEX TERM--UNCONTROLLED
Uncontrolled term ფილოსოფიური ტერმინები ძველ ქართულ ენაში
653 ## - INDEX TERM--UNCONTROLLED
Uncontrolled term ძველი ქართული ფილოსოფიურ–თეოლოგიური ტერმინოლოგიის ისტორიიდან
700 ## - ADDED ENTRY--PERSONAL NAME
Personal name რაფავა, მაია
Relator term რედაქტორი
9 (RLIN) 14986
942 ## - ADDED ENTRY ELEMENTS (KOHA)
Koha item type წიგნი
Source of classification or shelving scheme
ეგზემპლარები
ჩამოწერის სტატუსი დაკარგული ეგზემპლარის სტატუსი კლასიფიკაციის წყარო ან თაროზე გაწყობის სქემა დაზიანების სტატუსი არ გაიცემა მუდმივი მდებარეობა (დაცვის ადგილი) ამჟამინდელი ადგილსამყოფელი თაროზე განთავსების ადგილი შეძენის თარიღი ღირებულება, შესყიდვის ნორმალური ფასი სრული შენახვის შიფრი შტრიხკოდი ბოლო ოპერაციის თარიღი ეგზემპლარის მიმდევრობითი ნომერი (კეტერი?) ფასის ძალაში შესვლის თარიღი ეგზემპლარის სახეობა საჯარო შენიშვნა
          ბათუმის შოთა რუსთაველის სახელმწიფო უნივერსიტეტის მთავარი ბიბლიოთეკა ბათუმის შოთა რუსთაველის სახელმწიფო უნივერსიტეტის მთავარი ბიბლიოთეკა წიგნსაცავი 2018-12-17 20.00 811.353.1'01'373.46+001.4 მ-54 57394 2018-12-17 57394 2018-12-17 წიგნი 20.00 ₾.
          ბათუმის შოთა რუსთაველის სახელმწიფო უნივერსიტეტის მთავარი ბიბლიოთეკა ბათუმის შოთა რუსთაველის სახელმწიფო უნივერსიტეტის მთავარი ბიბლიოთეკა წიგნსაცავი 2018-12-17 20.00 811.353.1'01'373.46+001.4 მ-54 57395 2018-12-17 57395 2018-12-17 წიგნი 20.00 ₾.
          ბათუმის შოთა რუსთაველის სახელმწიფო უნივერსიტეტის მთავარი ბიბლიოთეკა ბათუმის შოთა რუსთაველის სახელმწიფო უნივერსიტეტის მთავარი ბიბლიოთეკა წიგნსაცავი 2018-12-17 20.00 811.353.1'01'373.46+001.4 მ-54 57396 2018-12-17 57396 2018-12-17 წიგნი 20.00 ₾.
          ბათუმის შოთა რუსთაველის სახელმწიფო უნივერსიტეტის მთავარი ბიბლიოთეკა ბათუმის შოთა რუსთაველის სახელმწიფო უნივერსიტეტის მთავარი ბიბლიოთეკა წიგნსაცავი 2018-12-17 20.00 811.353.1'01'373.46+001.4 მ-54 57397 2018-12-17 57397 2018-12-17 წიგნი 20.00 ₾.
          ბათუმის შოთა რუსთაველის სახელმწიფო უნივერსიტეტის მთავარი ბიბლიოთეკა ბათუმის შოთა რუსთაველის სახელმწიფო უნივერსიტეტის მთავარი ბიბლიოთეკა წიგნსაცავი 2018-12-17 20.00 811.353.1'01'373.46+001.4 მ-54 57398 2018-12-17 57398 2018-12-17 წიგნი 20.00 ₾.